Counting cost of excavator productivity. (Record no. 61495)

MARC details
000 -LEADER
fixed length control field 00770cam a2200169 4500
001 - CONTROL NUMBER
control field WB3523-02
008 - FIXED-LENGTH DATA ELEMENTS--GENERAL INFORMATION
fixed length control field 000000n1999 000 0 eng u
035 ## - SYSTEM CONTROL NUMBER
System control number (Sirsi) u102483
245 ## - TITLE STATEMENT
Title Counting cost of excavator productivity.
260 ## - PUBLICATION, DISTRIBUTION, ETC.
Date of publication, distribution, etc. 1999
490 ## - SERIES STATEMENT
Series statement Construction News
Volume/sequential designation (6620) 17 June 1999, 16(1)
520 ## - SUMMARY, ETC.
Summary, etc. Researchers have developed a system called Estivate, that could transform the earth-moving industry by calculating the productivity of any excavator and accurately estimating the cost of earth moved per cubic metre. Contractors and estimators can predict the cost of using a particular excavator, and its output for the duration of its hire.
650 ## - SUBJECT ADDED ENTRY--TOPICAL TERM
Topical term or geographic name entry element Contracts
9 (RLIN) 6232
650 ## - SUBJECT ADDED ENTRY--TOPICAL TERM
Topical term or geographic name entry element ESTIMATES
690 ## - LOCAL SUBJECT ADDED ENTRY--TOPICAL TERM (OCLC, RLIN)
Topical term or geographic name as entry element BUILT ENVIRONMENT
942 ## - ADDED ENTRY ELEMENTS (KOHA)
Suppress in OPAC 0
Holdings
Withdrawn status Lost status Source of classification or shelving scheme Damaged status Not for loan Home library Current library Shelving location Date acquired Total Checkouts Full call number Barcode Date last seen Copy number Price effective from Koha item type
    Dewey Decimal Classification     London London News article 22/11/1999   WB3523-02 102483-1001 06/08/2019 1 06/08/2019 News article